Objective Biochemistry (Record no. 46215)
[ view plain ]
| 000 -LEADER | |
|---|---|
| fixed length control field | 00450nam a2200181Ia 4500 |
| 008 - FIXED-LENGTH DATA ELEMENTS--GENERAL INFORMATION | |
| fixed length control field | 220531s9999 xx 000 0 und d |
| 041 ## - LANGUAGE CODE | |
| Language code of text/sound track or separate title | eng |
| 082 ## - DEWEY DECIMAL CLASSIFICATION NUMBER | |
| Classification number | 572 |
| Item number | OBJ / ARU |
| 100 ## - MAIN ENTRY--PERSONAL NAME | |
| Personal name | Arun, N. / Karthick, S. |
| 9 (RLIN) | 83941 |
| 245 ## - TITLE STATEMENT | |
| Title | Objective Biochemistry |
| 250 ## - EDITION STATEMENT | |
| Edition statement | 1ST |
| 260 ## - PUBLICATION, DISTRIBUTION, ETC. (IMPRINT) | |
| Place of publication, distribution, etc. | chennai |
| Name of publisher, distributor, etc. | MJP |
| Date of publication, distribution, etc. | 2018 |
| 300 ## - PHYSICAL DESCRIPTION | |
| Extent | 382 |
| 542 ## - INFORMATION RELATING TO COPYRIGHT STATUS | |
| Copyright holder | 31-05-2018 |
| 650 ## - SUBJECT ADDED ENTRY--TOPICAL TERM | |
| Topical term or geographic name as entry element | Biochemistry |
| 9 (RLIN) | 83942 |
| 906 ## - LOCAL DATA ELEMENT F, LDF (RLIN) | |
| d | 2018-2019 |
| f | 12787 |
| Withdrawn status | Lost status | Source of classification or shelving scheme | Damaged status | Not for loan | Collection code | Home library | Current library | Date acquired | Vendor | Cost, normal purchase price | Total Checkouts | Total Holds | Full call number | Barcode | Checked out | Date last seen | Date last checked out | Cost, replacement price | Bill Date | Koha item type | Original Barcode |
|---|---|---|---|---|---|---|---|---|---|---|---|---|---|---|---|---|---|---|---|---|---|
| Dewey Decimal Classification | Shri Siddhivinayak Mahila Mahavidyalaya | Shri Siddhivinayak Mahila Mahavidyalaya | 23/07/2018 | Pritam | 380.00 | 1 | 1 | 572/OBJ/ARU/B/21914 | SSMM-BK-21914 | 09/10/2025 | 09/09/2025 | 09/09/2025 | 380.00 | 06/08/2022 | Books | 010021914 |